| 000 | 03054nam a2200373 i 4500 | ||
|---|---|---|---|
| 001 | 193477 | ||
| 003 | SpMaBN | ||
| 005 | 20250712063141.0 | ||
| 007 | ta | ||
| 008 | 240102s2017 sp a | |||| 000 p spa | ||
| 017 |
_aAL 92-2018 _bOficina Depósito Legal Almería |
||
| 020 | _a9788491834021 | ||
| 035 | _a(OCoLC)1050756317 | ||
| 035 | _aa6154878 | ||
| 040 |
_aSpMaBN _bspa _cSpMaBN _erdc _dES-MaACL |
||
| 080 | _a821.134.2-14"19" | ||
| 100 | 1 |
_aLópez Expósito, Ana María _0XX1618834 _eaut _9176562 |
|
| 245 | 1 | 0 |
_aLuces y sombras verticales / _cAna María López Expósito ; ilustraciones, Paz Rodero. |
| 250 | _a1ª ed. | ||
| 260 |
_a[El Ejido] : _bCírculo Rojo, _c2017. |
||
| 300 |
_a103 p. : _bil. ; _c21 cm |
||
| 336 |
_aTexto (visual) _2isbdcontent |
||
| 337 |
_asin mediación _2isbdmedia |
||
| 338 |
_2rdacarrier _avolumen |
||
| 520 | _aEl poemario “Luces y sombras verticales” nos muestra un sendero de palabras en los que la autora invierte un año de su vida. En ocasiones, el corazón se siente abrumado por la melancolía y al pensamiento llegan viejas palabras leídas en libros olvidados, vividas, imaginadas; y cuando el alma se contrae de dolor y la soledad hacen que el sentimiento aflore, se convierten en un torrente de palabras que como cascadas llegan a construir versos. Esta serie de poemas son un canto a la vida, al amor, desamor, el tiempo, las ciudades, el mar, la soledad, la historia de Roma…todos ellos con un nexo común “el amor”. El poemario es más que un libro, es un modo de expresión único, una arquitectura introspectiva que se traduce en una mirada caleidoscópica sobre diversos aspectos de la vida de la autora Ana María López Expósito. Cada uno de sus poemas dan diferente forma en su conjunto a su edificio, un andamiaje del rico mundo interior de una persona polifacética que en ocasiones pone al desnudo su alma. Compuesto por versos libres la mayoría de los poemas, romances y sonetos. Embellecido por veinticinco ilustraciones de Paz Rodero. Cuando leas este poemario tendrás la sensación indescriptible de haber recorrido un paseo con su autora por Madrid Rio, donde el sol penetra entre los pinares y la luz labrada por las sombras, escuchando la voz ronca, entrecortada de Ana María que te recita al oído poemas diversos iluminados con su fantasía, y exige de ti, más allá de palabras impresas, una actitud de escucha, fruto de la narración oral que su autora pone en práctica en ocasiones. | ||
| 650 | 4 |
_aPoesía española- _yS.XXI _916222 |
|
| 852 |
_aES-MaACL _bR.154842 _cDEPOJ _jN-9723 _hDonación: Ana María López Expósito _9200955 _gDedicatoria autógrafa de la autora _xEncuadernación rústica con solapas |
||
| 903 |
_aLópez Expósito, Ana María _ednr _9176562 |
||
| 942 |
_n0 _cMONOGRAFIA |
||
| 999 |
_c193477 _d193477 |
||